000 00563nam a2200181Ia 4500
001 8874
005 20260306160642.0
008 260306t2018||||xx |||||||||||||| ||spa||
041 _aESP
082 _a371.782
_bM42
100 _aMendoza González, Brenda
_eAUT
245 0 _aBullying:
_blos múltiples rostros del acoso escolar. Estrategias para identificar, detener y cambiar la agresividad y la violencia a través de competencias
260 _c2018
300 _axix, 216 páginas :
_c24 cm.
650 _aGEN
654 _aCED
942 _cLIB
_dJUS
_fJUS
_2ddc
_n
999 _c8874
_d8874